banner-ar

مقدمة فى الاختبارات و المقاييس فى المجال الرياضى / (Record no. 62620)

MARC details
000 -الفاتح
حقل البيانات ثابتة الطول 01180nam a22002537a 4500
005 - وقت وتاريخ اخر تعامل مع التسجيلة
رقم الضبط 20240530110559.0
008 - عناصر البيانات ثابتة الطول - معلومات عامة
حقل البيانات ثابتة الطول 160901s2013 ua a f b 000 0 ara d
017 ## - رقم الايداع القانونى
رقم الايداع القانونى 2012/15962
المصدر ( الهيئة المختصة) مصر . دار الكتب المصرية
020 ## - الرقم الدولى المعيارى للكتب
الرقم الدولى المعيارى للكتاب 9789770527931
040 ## - مصدر الفهرسة
وكالة الفهرسة الأصلية EG-CaGPL
082 04 - رقم تصنيف ديوى العشرى
رقم الطبعة 21
رقم التصنيف 796\
رقم المادة م م
100 0# - المدخل الرئيسى - إسم شخصى
الإسم الشخصى مصطفى حسين باهى
245 10 - بيان العنوان
العنوان مقدمة فى الاختبارات و المقاييس فى المجال الرياضى /
بيان المسئوليه,etc مصطفى حسين باهى ، احمد كمال نصارى ، مختار امين عبدالغنى
260 ## - PUBLICATION, DISTRIBUTION, ETC. (IMPRINT)
تاريخ النشر أو التوزيع 2013 .
300 ## - الوصف المادى
التعداد 228 ص. :
تفاصيل ماديه اخرى للوعاء ايض ؛
أبعاد الوعاء 24 سم .
504 ## - تبصرة ببليوجرافية
تبصرة ببليوجرافية,الخ يشتمل على ارجاعات ببليوجرافية
650 04 - المدخل الاضافى بالموضوع-مصطلح موضوعى
مصطلح موضوعي الرياضة البدنية
التقسيم الفرعي العام الجوانب النفسية
650 04 - المدخل الاضافى بالموضوع-مصطلح موضوعى
مصطلح موضوعي الرياضة البدنية
التقسيم الفرعي العام مسابقات
650 04 - المدخل الاضافى بالموضوع-مصطلح موضوعى
مصطلح موضوعي الرياضة البدنية
التقسيم الفرعي العام اختبارات
650 04 - المدخل الاضافى بالموضوع-مصطلح موضوعى
مصطلح موضوعي الرياضة البدنية
التقسيم الفرعي العام بحوث
700 0# - المدخل الاضافى - اسم شخصى
الإسم الشخصى احمد كمال نصارى
الدور مؤلف مشارك
700 0# - المدخل الاضافى - اسم شخصى
الإسم الشخصى مختار امين عبدالغنى
الدور مؤلف مشارك
942 ## - عناصر المدخل الإضافي( كوها)
مصدر التصنيف او مخطط الترفيف Dewey Decimal Classification
Koha [default] item type كتاب
260 ## - PUBLICATION, DISTRIBUTION, ETC. (IMPRINT)
-- القاهرة :
-- مكتبة الانجلو المصرية ،
Holdings
حالة التراجع حالة الفقد حالة تلف ليس للاعارة المكان المؤقت الموقع الحالى تاريخ الاكتساب اجمالي اﻻعارات رقم الطلب الباركود تاريخ اخر مشاهدة تاريخ تفعيل السعر نوع وعاء كوها
        مكتبة القاهرة الكبرى مكتبة القاهرة الكبرى 09/01/2016   796\ م م 162393 09/01/2016 09/01/2016 كتاب

Powered By

EGPV